| 000 | nam a22 7a 4500 | ||
|---|---|---|---|
| 999 |
_c17024 _d17024 |
||
| 008 | 161121b xxu||||| |||| 00| 0 eng d | ||
| 050 |
_aTK868 _b.G85 1991 |
||
| 100 | _aTexas Instruments Incorporated. | ||
| 245 |
_aTI-108 : _ba guide for teachers = Una guía para professores ; English/Spanish version _cTexas Instruments Incorporated. |
||
| 260 |
_aDallas, TX : _bTexas Instruments, _c©1991 |
||
| 300 |
_avii, 72p. : _bill. ; _c29cm |
||
| 650 | _a TI-108 (Calculator) | ||
| 650 |
_a Mathematics _x Study and teaching (Elementary) |
||
| 650 |
_a Mathematics _x Study and teaching (Secondary) |
||
| 942 |
_2lcc _cBOOKS _hTX868 .G85 1991 |
||